000
00210 a2200109 4500
020
_a
000011103011100
041
_a
spa
100
_a
Anonimo
245
_a
Matematicas Tercer grado
942
_c
BK
952
_7
1
999
_c
18203
_d
18203